Normal view
MARC view
- DARWIN, FRANCIS
Entry Personal Name
001 - CONTROL NUMBER
- control field: 57590
003 - CONTROL NUMBER IDENTIFIER
- control field: NUST
005 - DATE AND TIME OF LATEST TRANSACTION
- control field: 20210628201944.0
008 - FIXED-LENGTH DATA ELEMENTS
- fixed length control field: 210628|| aca||aabn | a|a d
040 ## - CATALOGING SOURCE
- Original cataloging agency: NUST
- Transcribing agency: NUST
100 ## - HEADING--PERSONAL NAME
- Personal name: DARWIN, FRANCIS
670 ## - SOURCE DATA FOUND
- Source citation: Work cat.: (NUST): DARWIN, FRANCIS, THE AUTOBIOGRAPHY OF CHARLES DARWIN AND SELECTED LETTERS, 1958
